Every Song by Circa Survive - Statistics

General Stats
  • This quiz has been taken 19 times
  • The average score is 41 of 92
Answer Stats
Album Song % Correct
Juturna(2005) Holding Someone's Hair Back
83%
The Amulet(2017) The Amulet
75%
Juturna(2005) Act Appalled
67%
On Letting Go(2007) In the Morning and Amazing…
67%
Juturna(2005) Meet Me in Montauk
67%
On Letting Go(2007) On Letting Go
67%
Juturna(2005) We're All Thieves
67%
Juturna(2005) Wish Resign
67%
Juturna(2005) Always Getting What You Want
58%
Descensus(2014) Descensus
58%
Blue Sky Noise(2010) Get Out
58%
Juturna(2005) In Fear and Faith
58%
On Letting Go(2007) Living Together
58%
The Amulet(2017) Premonition of the Hex
58%
On Letting Go(2007) The Difference Between Medicine and Poison Is in the Dose
58%
Juturna(2005) The Great Golden Baby
58%
The Amulet(2017) The Hex
58%
The Amulet(2017) At Night It Gets Worse
50%
On Letting Go(2007) Carry Us Away
50%
Blue Sky Noise(2010) Dyed in the Wool
50%
Blue Sky Noise(2010) Fever Dreams
50%
Blue Sky Noise(2010) Frozen Creek
50%
Blue Sky Noise(2010) Imaginary Enemy
50%
On Letting Go(2007) Kicking Your Crosses Down
50%
The Amulet(2017) Lustration
50%
Juturna(2005) Oh, Hello
50%
The Amulet(2017) Rites of Investiture
50%
Descensus(2014) Schema
50%
On Letting Go(2007) Semi Constructive Criticism
50%
Appendage(2010) Stare Like You'll Stay
50%
Blue Sky Noise(2010) Strange Terrain
50%
Juturna(2005) The Glorious Nosebleed
50%
Blue Sky Noise(2010) Through the Desert Alone
50%
On Letting Go(2007) Your Friends Are Gone
50%
B-Sides(2017) 1,000 Witnesses
42%
Descensus(2014) Always Begin
42%
Violent Waves(2012) Bird Sounds
42%
Violent Waves(2012) Birth of the Economic Hit Man
42%
Violent Waves(2012) Brother Song
42%
Two Dreams(2022) Buzzhenge
42%
Blue Sky Noise(2010) Compendium
42%
The Amulet(2017) Flesh and Bone
42%
Blue Sky Noise(2010) Glass Arrows
42%
Blue Sky Noise(2010) I Felt Free
42%
Violent Waves(2012) I'll Find a Way
42%
Two Dreams(2022) Imposter Syndrome
42%
Appendage(2010) Lazarus
42%
On Letting Go(2007) Mandala
42%
Violent Waves(2012) My Only Friend
42%
Descensus(2014) Nesting Dolls
42%
The Amulet(2017) Never Tell a Soul
42%
Descensus(2014) Only the Sun
42%
Descensus(2014) Phantom
42%
Violent Waves(2012) Sharp Practice
42%
Appendage(2010) Sleep Underground
42%
The Inuit Sessions(2005) Suspending Disbelief
42%
On Letting Go(2007) The Greatest Lie
42%
Violent Waves(2012) The Lottery
42%
B-Sides(2017) The Most Dangerous Commercials
42%
On Letting Go(2007) Travel Hymn
42%
Blue Sky Noise(Bonus)(2010) 100 Steps
33%
Appendage(2010) Backmask
33%
Non-Album(2012) Battle, My Love
33%
Violent Waves(2012) Blood from a Stone
33%
Descensus(2014) Child of the Desert
33%
On Letting Go(2007) Close Your Eyes to See
33%
Two Dreams(2022) Curitiba
33%
The Amulet(Bonus)(2017) Dark Pools
33%
Two Dreams(2022) Die on the West Coast
33%
Two Dreams(2022) Discount on Psychic Readings
33%
Two Dreams(2022) Drift
33%
Two Dreams(2022) Electric Moose
33%
Blue Sky Noise(Bonus)(2010) Every Way
33%
Two Dreams(2022) Gone for Good
33%
The Inuit Sessions(2005) Handshakes at Sunrise
33%
The Amulet(Bonus)(2017) Indra's Net
33%
Two Dreams(2022) Late Nap
33%
Two Dreams(2022) Our Last Shot
33%
Violent Waves(2012) Phantasmagoria
33%
Descensus(2014) Quiet Down
33%
Two Dreams(2022) Sleep Well
33%
Descensus(2014) Sovereign Circle
33%
Blue Sky Noise(2010) Spirit of the Stairwell
33%
The Amulet(2017) Stay
33%
Juturna(2005) Stop the Fuckin' Car
33%
Violent Waves(2012) Suitcase
33%
Blue Sky Noise(2010) The Longest Mile
33%
Violent Waves(2012) Think of Me When They Sound
33%
The Amulet(2017) Tunnel Vision
33%
Descensus(2014) Who Will Lie with Me Now
33%
Blue Sky Noise(Bonus)(2010) Airplane Dance
17%
Two Dreams(2022) Even Getter
17%
No matching quizzes found
Score Distribution
Percent of People with Each Score
Percentile by Number Answered
Your Score History
You have not taken this quiz